Sovmestnyje predprijatija v SSSR: principy organizacii i porjadok dejatel'nosti.

Základné zásady súčasného postupu zakladania spoločných podnikov s účasťou zahraničného kapitálu a ich vnútornej organizácie. Legislatívne regulovanie vzniku a činnosti spoločných podnikov. Možnosti výberu modelu spoločného podniku. Okruh členov. Predpoklady vzniku a činnosti spoločného podniku. Zár...

ver descrição completa

Na minha lista:
Detalhes bibliográficos
Autor principal: Braginskij, M.I
Formato: Capítulo de Livro
Idioma:russo
Assuntos:
Tags: Adicionar Tag
Sem tags, seja o primeiro a adicionar uma tag!

MARC

LEADER 00000naa a2200000 4500
001 r003101
005 20220819192846.2
041 0 |a rus 
044 |a [SU] 
245 1 0 |a Sovmestnyje predprijatija v SSSR: principy organizacii i porjadok dejatel'nosti.  |c M.I. Braginskij 
520 |a Základné zásady súčasného postupu zakladania spoločných podnikov s účasťou zahraničného kapitálu a ich vnútornej organizácie. Legislatívne regulovanie vzniku a činnosti spoločných podnikov. Možnosti výberu modelu spoločného podniku. Okruh členov. Predpoklady vzniku a činnosti spoločného podniku. Záruky nedotknuteľnosti majetku spoločných podnikov. 
610 2 0 |a podnik spoločný 
610 2 0 |a kapitál zahraničný 
610 2 0 |a organizácia podniku 
610 2 0 |a ZSSR 
610 2 0 |a majetok kmeňový 
610 2 0 |a predpisy právne 
100 1 |a Braginskij, M.I.